Problematika produktivity práce a faktory jejího růstu v hutním průmyslu závěrečná zpráva výzkumného úkolu SPEV IV - 2/2.5, TEVÚH č. 5423

Salvato in:
Dettagli Bibliografici
Autore principale: Čarský, Jiří
Altri autori: Babická, Jitka, Kořínek, František
Natura: Libro
Lingua:ceco
Pubblicazione: Praha Technicko-ekonomický výzkumný ústav hnutnického průmyslu 1980
Tags: Aggiungi Tag
Nessun Tag, puoi essere il primo ad aggiungerne!!

MARC

LEADER 00000nam a2200000 4500
001 c126866
005 20181203150418.9
041 0 |a cze 
044 |a CZ 
245 1 0 |a Problematika produktivity práce a faktory jejího růstu v hutním průmyslu  |b závěrečná zpráva výzkumného úkolu SPEV IV - 2/2.5, TEVÚH č. 5423  |c Jiří Čarský, Jitka Babická, František Kořínek 
264 1 |a Praha  |b Technicko-ekonomický výzkumný ústav hnutnického průmyslu  |c 1980 
300 |a 76 s. 
100 1 |a Čarský, Jiří 
700 1 |a Babická, Jitka 
700 1 |a Kořínek, František